000 00478nam a22001697a 4500
999 _c63971
_d63971
005 20260227170611.0
008 260227s2024 enk||||| |||| 00| 0 eng d
020 _a9781032107172x
041 _aeng
080 _a94(520) H-78
100 _aHood, Christopher P.
_927022
245 _aJapan:
_bThe Basics /
_cChristopher P. Hood.
264 _aLondon :
_b ‎Routledge,
_c2024.
300 _a208 p.;
_b20 cm.
653 _aიაპონია
942 _2udc
_cᲬᲘᲒᲜᲘ